000 00521ntaaa2200205 4500
003 01
005 20251027202638.0
008 0714s1973 ag 01
040 _aAR-BaBN
_bspa
_cAR-BaBN
_eaacr
_dRIC
082 _a372.4000 B45c
100 _aBerdiales, Germán
245 _aCien cuentos y leyendas en verso
250 _a1 ed.
260 _aBuenos Aires :
_bLa Obra,
_c1965
300 _a224 p
650 _aniños-cuentos
650 _aniños-poésias
_917715
650 _apoésias infantiles
_917536
942 _cBK
999 _c21615
_d21615